Flagi Republik Noworosji - Statystyki

Ogólne statystyki
  • Ten quiz został rozwiązany 32 razy
  • Średni wynik to 7 z 8
Statystyki odpowiedzi
Obrazkowy Odpowiedź % Poprawnych
Doniecka Republika Ludowa
100%
Chersońska Republika Ludowa
90%
Charkowska Republika Ludowa
86%
Ługańska Republika Ludowa
86%
Odeska Republika Ludowa
81%
Zaporoska Republika Ludowa
81%
Dniepropietrowska Republika Ludowa
67%
Mikołajewska Republika Ludowa
67%
Nie znaleziono quizów pasujących do podanych kryteriów
Rozkład punktacji
Procent ludzi z każdym wynikiem
Percentyl według liczby udzielonych odpowiedzi
Twoja historia wyników
Nie rozwiązałeś tego quizu